|
|
|
|
| LEADER |
00000ny a22000003n 4500 |
| 005 |
20110607140945.0 |
| 008 |
031103s2000 sp s 000 0 spa c |
| 017 |
|
|
|a D.L. M.37957-2000
|
| 020 |
|
|
|a 8471309866
|
| 035 |
|
|
|a 1307
|
| 040 |
|
|
|a SpMaUCDE
|d vLex
|
| 040 |
|
|
|a UMA.RE
|d vLex
|
| 080 |
|
|
|a 343.272(460)(0.034)
|
| 090 |
|
|
|c 546
|d 546
|
| 100 |
1 |
|
|a Aguado Correa, Teresa
|
| 245 |
1 |
3 |
|a El comiso
|h [Recurso electrn̤ico]
|c Teresa Aguado Correa
|
| 256 |
|
|
|a Servicio en ln̕ea
|
| 260 |
|
|
|a Madrid :
|b EDERSA,
|c 2000
|
| 300 |
|
|
|a 202 p. ;
|c 22 cm
|
| 490 |
1 |
|
|a Monografa̕s
|
| 504 |
|
|
|a Bibliogr.: p. 193-202
|
| 506 |
1 |
|
|a Contenido solo disponible en los productos indicados
|d vLex Global
|d vLex Global (Academic Edition, excluding Law Schools)
|d vLex Global (U.S. Academic Edition, Law Schools)
|d vLex Global (U.S. Academic Edition, excluding Law Schools)
|d vLex Global (Academic Edition, Law Schools)
|
| 650 |
0 |
7 |
|a Civil
|2 Tesauro vLex
|
| 650 |
0 |
7 |
|a Contrato de comisin̤
|2 Tesauro vLex
|
| 650 |
0 |
7 |
|a Penas
|2 Tesauro vLex
|
| 650 |
0 |
7 |
|a Penas accesorias
|2 Tesauro vLex
|
| 740 |
0 |
|
|a vLex Libros (Servicios en ln̕ea)
|
| 830 |
|
0 |
|a Monografa̕s (Editoriales de Derecho Reunidas)
|
| 856 |
4 |
0 |
|u http://vlex.com/source/1307
|z Acceso restringido
|
| 942 |
|
|
|c BOOK
|
| 999 |
0 |
|
|a Civil Law
|b Madrid
|